000 00751nam a22002415i 4500
001 176798
003 ES-MaACL
005 20230906220202.0
008 110210s1969 sp ao |||| | spa d
080 _a159.962
100 1 _aDauven, Jean.
_942844
245 1 4 _aLos poderes de la hipnosis /
_c[Jean Dauven ; traducción de Manuel Cruells].
250 _a1ª ed.
260 _aBarcelona :
_bPlaza & Janés,
_c1969.
300 _a253 p. :
_bil. bl. y n. ;
_c18 cm.
490 1 _aEnciclopedia Horizonte ;
_v5
504 _aBibliografía: p. 251-253.
650 0 4 _aHipnosis.
_913363
700 0 _aCruells, Manuel.
_941767
830 0 _aEnciclopedia Horizonte ;
_v5
_9190248
852 _aES-MaACL
_jE-14274
_xOlim P-1404
999 _c176798
_d176798